Making sure of Maths (Record no. 67)
[ view plain ]
| 000 -LEADER | |
|---|---|
| fixed length control field | 00295nam a22001097a 4500 |
| 008 - FIXED-LENGTH DATA ELEMENTS--GENERAL INFORMATION | |
| fixed length control field | 160620b xxu||||| |||| 00| 0 eng d |
| 100 ## - MAIN ENTRY--PERSONAL NAME | |
| Personal name | Waston, T. F |
| 9 (RLIN) | 83 |
| 245 ## - TITLE STATEMENT | |
| Title | Making sure of Maths |
| 260 ## - PUBLICATION, DISTRIBUTION, ETC. (IMPRINT) | |
| Place of publication, distribution, etc. | Edinburgh Holmes mc dougall |
| Name of publisher, distributor, etc. | MC Dougall |
| Date of publication, distribution, etc. | 1970 |
| 300 ## - PHYSICAL DESCRIPTION | |
| Extent | Making sure of Maths |
| 942 ## - ADDED ENTRY ELEMENTS (KOHA) | |
| Source of classification or shelving scheme | Dewey Decimal Classification |
| Koha item type | BOOK |
| Withdrawn status | Lost status | Source of classification or shelving scheme | Damaged status | Not for loan | Home library | Current library | Date acquired | Total Checkouts | Full call number | Barcode | Date last seen | Price effective from | Koha item type | Shelving location |
|---|---|---|---|---|---|---|---|---|---|---|---|---|---|---|
| Dewey Decimal Classification | Good Samaritan School Library | Good Samaritan School Library | 06/20/2016 | 510 | WAS200 | 06/20/2016 | 06/20/2016 | BOOK | ||||||
| Dewey Decimal Classification | Good Samaritan School Library | Good Samaritan School Library | 06/23/2016 | 510 | WAS198 | 06/23/2016 | 06/23/2016 | BOOK |